000 00757cam a2200265 4500500
005 20260405003324.0
041 _afre
042 _adc
100 1 0 _aLacroix, Alexandre
_eauthor
245 0 0 _aLes nouvelles graines de la résistance
260 _c2021.
500 _a78
690 _aAlpes
690 _aBaptiste Morizot
690 _aBruno Latour
690 _aCollapsologie
690 _aJean-Marc Rochette
690 _aNastassja Martin
690 _aPablo Servigne
690 _aPolitique
690 _aVercors
690 _aVivant
786 0 _nPhilosophie magazine | 151 | 8 | 2021-07-01 | p. 31-36 | 1951-1787
856 4 1 _uhttps://shs.cairn.info/magazine-philosophie-magazine-2021-6-page-31?lang=fr&redirect-ssocas=7080
999 _c2066505
_d2066505